| 000 | 00353nam a2200133Ia 4500 | ||
|---|---|---|---|
| 008 | 230917s9999||||xx |||||||||||||| ||und|| | ||
| 040 | _aMAIN | ||
| 082 |
_a355.00954 _bM278C |
||
| 100 | _aMahajan, R N | ||
| 245 | 0 | _aCareer in India's armed forces: how to make it more attractive | |
| 260 |
_aNew Delhi _bOcean _c2000 |
||
| 300 | _a143 p. | ||
| 942 | _cBK | ||
| 999 |
_c107965 _d107965 |
||